Top 3 Populous Countries Per Letter Quiz Stats

 Plays Quiz Updated May 24, 2014

Support Sporcle.
Go Orange.
Score 0/65 Timer 08:00
2 Plays Today
% Correct
United States
96.2%
China
96.2%
India
94.3%
France
93.6%
Brazil
92.9%
Russia
92.8%
United Kingdom
92.4%
Japan
91.5%
Germany
91%
Yemen
88.4%
Argentina
88.3%
Qatar
87.9%
Zimbabwe
85.1%
Indonesia
84.7%
Oman
84%
Mexico
83.6%
Canada
83.4%
Denmark
82.7%
Egypt
80.8%
Venezuela
80.1%
Zambia
79.1%
Vietnam
78.1%
Iran
77.3%
South Africa
77%
Nigeria
76.9%
Spain
76.9%
Turkey
76.2%
Pakistan
76.2%
Ethiopia
74.3%
South Korea
73.9%
Finland
71.1%
Kenya
70.1%
Thailand
69.1%
% Correct
Poland
68.9%
Laos
68.1%
Algeria
67%
Ukraine
66.3%
Hungary
66%
Kazakhstan
65.8%
Colombia
65.5%
Honduras
64.9%
Afghanistan
64.8%
Haiti
64.6%
Jamaica
62.5%
Bangladesh
62.4%
Democratic Republic of the Congo
62.3%
North Korea
61.4%
Jordan
61.1%
Romania
59.8%
Libya
59.6%
Philippines
59.5%
Rwanda
54.7%
Ecuador
54%
Ghana
53.4%
Vanuatu
53.1%
Morocco
50.7%
Fiji
49.3%
Kyrgyzstan
47.8%
Tanzania
47.8%
Myanmar
45.8%
Nepal
45.1%
Guatemala
41.1%
Dominican Republic
40.4%
Lebanon
36.6%
Burkina Faso
20.7%

You're not logged in!

Compare scores with friends on all Sporcle quizzes.
OR
Log In

From the Vault

Mammal, Bird, Reptile, Fish or Amphibian

by bazmerelda

This quiz may just blind you with science.
Remove Ads.
Support Sporcle.
Get the best of Sporcle when you Go Orange. This ad-free experience offers more features, more stats, and more fun while also helping to support Sporcle. Thank you for becoming a member.

Show Comments

Extras

Top Quizzes Today


Score Distribution

Your Account Isn't Verified!

In order to create a playlist on Sporcle, you need to verify the email address you used during registration. Go to your Sporcle Settings to finish the process.

Report this User

Report this user for behavior that violates our Community Guidelines.

Details: